| Поле | Инд. | ПП | Название | Значение |
|---|---|---|---|---|
| Тип записи | a | |||
| Библиографический уровень | b | |||
| 001 | Контрольный номер | RU/IS/BASE/185979915 | ||
| 005 | Дата корректировки | 20220715140316.9 | ||
| 008 | Кодируемые данные | 20051122 | ||
| 084 | a | Индекс другой классификации/Индекс ББК | 65.013.8 | |
| a | Индекс другой классификации/Индекс ББК | 66.3(2Рос),41 | ||
| 100 | 1_ | a | Автор | Дыльнов Д. Г. |
| q | Полное имя | Дыльнов Дмитрий Геннадьевич | ||
| 245 | a | Заглавие | Экономическая стабильность как фактор устойчивого развития современного российского общества | |
| 504 | a | Библиография | Библиогр. ссылки. - Примеч. | |
| 650 | a | Основная рубрика | внутренняя политика | |
| a | Основная рубрика | политика | ||
| a | Основная рубрика | экономика | ||
| a | Основная рубрика | экономическая теория | ||
| 653 | a | Ключевые слова | малое предпринимательство | |
| a | Ключевые слова | монополизация экономики | ||
| a | Ключевые слова | политическая экономия | ||
| a | Ключевые слова | постсоциалистическая экономика | ||
| a | Ключевые слова | предпринимательство | ||
| a | Ключевые слова | Россия | ||
| a | Ключевые слова | рыночная экономика | ||
| a | Ключевые слова | социально-политические проблемы | ||
| a | Ключевые слова | социально-экономические отношения | ||
| a | Ключевые слова | экономическая безопасность | ||
| a | Ключевые слова | экономическая стабильность | ||
| a | Ключевые слова | экономические отношения | ||
| a | Ключевые слова | экономическое развитие | ||
| 773 | t | Заглавие источника | Вестник Московского университета. Серия 18, Социология и политология | |
| d | Дата издания источника | 2005 | ||
| g | Прочая информация | № 3. - С. 36 - 47 | ||
| w | Контрольный № источника | RU/IS/BASE/184253657 | ||
| 901 | t | Тип документа | b |